|
|
|
|
| LEADER |
00877nab a2200241 i 4500 |
| 001 |
publ32122 |
| 005 |
20250317135634.0 |
| 008 |
250317s1993 hu o 000 eng d |
| 022 |
|
|
|a 0385-2407; 1346-8138
|
| 024 |
7 |
|
|a 10.1111/j.1346-8138.1993.tb01295.x
|2 doi
|
| 024 |
7 |
|
|a 1737377
|2 mtmt
|
| 040 |
|
|
|a SZTE Publicatio Repozitórium
|b hun
|
| 041 |
|
|
|a eng
|
| 100 |
1 |
|
|a Hunyadi János
|
| 245 |
1 |
0 |
|a Expression of monocyte/macrophage markers (CD13, CD14, CD68) on human keratinocytes in healthy and diseased skin
|h [elektronikus dokumentum] /
|c Hunyadi János
|
| 260 |
|
|
|c 1993
|
| 300 |
|
|
|a 341-345
|
| 490 |
0 |
|
|a JOURNAL OF DERMATOLOGY
|v 20 No. 6
|
| 650 |
|
4 |
|a Klinikai orvostan
|
| 700 |
0 |
1 |
|a Simon Miklós Jr.
|e aut
|
| 700 |
0 |
2 |
|a Kenderessy Szabó Anna
|e aut
|
| 700 |
0 |
2 |
|a Dobozy Attila
|e aut
|
| 856 |
4 |
0 |
|u http://publicatio.bibl.u-szeged.hu/32122/1/aok_klny_276_93.pdf
|z Dokumentum-elérés
|